000 00404nam a2200145 i 4500
001 187800
003 ES-MaACL
005 20230906223031.0
008 180226q1866 fr |||| | fre d
245 0 3 _aLe droit des femmes au luxe et a la toilette.
250 _a4éme. ed.
260 _aParis :
_bLes Marchands des Nouveautés,
_c[1866?]
300 _a62 p. ;
_c18 cm.
852 _aES-MaACL
_jT-343-F-4
999 _c187800
_d187800